| 000 | 00738nam a2200205Ia 4500 | ||
|---|---|---|---|
| 003 | GCL | ||
| 008 | 140319s9999 xx 000 0 ara d | ||
| 040 |
_aGCL / _cGCL |
||
| 082 | 0 | 4 |
_a822.008 _bت ا |
| 100 | 1 | _aانور المشرى (مترجم) | |
| 245 | 1 | 0 |
_aالالة البشرية : مسرحية تعبيرية فى تسع حلقات / _cانور المشرى (مترجم) |
| 700 | 1 | _aتردويل، صوفى | |
| 700 | 1 | _aعبدالحليم البشلاوى | |
| 300 | _a214 ص | ||
| 490 |
_aمكتبة الفنون الدرامية _v0 |
||
| 650 | 0 | 4 | _aالمسرحيات الامريكية |
| 650 | 0 | 4 | _aالادب الامريكى المترجم |
| 650 | 0 | 4 | _aالادب العالمى المترجم |
| 942 |
_2ddc _cBK |
||
| 999 |
_c40014 _d40014 |
||